00582nam a22001697a 45000050016000000200022000160350012000380370013000501000024000632450071000872600043001583000027002017000024002289420025002529990017002779520118002942012050302002.0 a8170142504c95.00 aB-44076 aDPLbENG aKhanna, K.K.946242 aEconomic and commercial geography /cby K.K. Khanna and V.K. Gupta aNew DelhibSultan Chand and Sonsc1996 avarious pagesc18 cms. aGupta, V.K. 946243 2ddccENh330.91mKHA c66028d66028 001040708NFICaZLSbZLSd2012-05-03g95.00l0o330.91 KHApB-44076r2012-05-03 00:00:00v95.00w2012-05-03yEN